[Event "IECG QC.2005.0.00070 email"]
[Site "IECG email"]
[Date "2005.11.17"]
[Round "?"]
[White "Farrell, Vincent"]
[Black "Basson, Heinrich"]
[Result "0-1"]
[WhiteElo "1760"]
[BlackElo "1750"]
[PlyCount "38"]
[EventDate "2005.11.17"]
[EventType "tourn (corr)"]
[EventRounds "2"]
[SourceTitle "Corr 2008"]
[Source "ChessBase"]
[SourceDate "2008.06.24"]
[SourceVersion "1"]
[SourceVersionDate "2008.06.24"]
[SourceQuality "1"]

1. d4 d5 2. Nf3 Bf5 3. c4 e6 4. cxd5 exd5 5. Nc3 Nf6 6. Bf4 Bd6 7. Bxd6 Qxd6 8. e3 0-0 9. Bd3 Bxd3 10. Qxd3 Nbd7 11. 0-0 c6 12. Nd2 Rfe8 13. Rae1 Re7 14. f3 Rae8 15. Kh1 Qb4 16. e4 c5 17. Rd1 cxd4 18. Nxd5 Nxd5 19. exd5 Re2 0-1

[Event "IECG QC.2005.0.00070 email"]
[Site "IECG email"]
[Date "2005.11.17"]
[Round "?"]
[White "Guney, Omer Engin"]
[Black "Farrell, Vincent"]
[Result "1-0"]
[WhiteElo "1586"]
[BlackElo "1760"]
[PlyCount "39"]
[EventDate "2005.11.17"]
[EventType "tourn (corr)"]
[EventRounds "2"]
[SourceTitle "Corr 2008"]
[Source "ChessBase"]
[SourceDate "2008.06.24"]
[SourceVersion "1"]
[SourceVersionDate "2008.06.24"]
[SourceQuality "1"]

1. d4 Nf6 2. c4 g6 3. Nc3 Bg7 4. e4 d6 5. f3 0-0 6. Be3 e5 7. Nge2 Na6 8. Qd2 c6 9. 0-0-0 Be6 10. c5 exd4 11. Nxd4 Nxc5 12. b4 Ncxe4 13. fxe4 Bg4 14. Re1 a5 15. b5 cxb5 16. Bxb5 Rc8 17. Kb1 Bd7 18. Rhf1 Ng4 19. Bg5 Qb6 20. Nd5 1-0